00241nam a2200085Ia 450000100070000000500170000700800410002424500640006526000260012970954520250826162549.0250824s9999 xx 000 0 und d 0aYAKIŞIKLI AĞABEYİMİN DOĞUM GÜNÜcAYTÜL AKAL bUÇANBALIK YAYINLARI